| 000 | 00542nam a22001817a 4500 | ||
|---|---|---|---|
| 008 | 230630b |||||||| |||| 00| 0 eng d | ||
| 020 | _a81-237-1459-9 | ||
| 040 |
_aNational Science Library _cNational Science Library |
||
| 080 |
_a598.12(540) _bN5 |
||
| 100 |
_aWhittaker, Romulus _912493 |
||
| 245 | _aसमानिय भारतीय सांप | ||
| 246 | _aSamaniy Bhartiya Saanp | ||
| 260 |
_aNew Delhi: _bNational Book Trust, _c1995 |
||
| 300 | _a153p. | ||
| 650 | _aBirds | ||
| 653 | _aEnvironment | ||
| 942 |
_2udc _cHBK |
||
| 999 |
_c48441 _d48441 |
||